[Event "HUN-chT 1920"]
[Site "Hungary"]
[Date "2019.12.01"]
[Round "3.12"]
[White "Valyi, Blanka Borbala"]
[Black "Havanecz, Bianka"]
[Result "0-1"]
[WhiteElo "1858"]
[BlackElo "2251"]
[PlyCount "92"]
[EventDate "2019.11.16"]
[EventType "team-tourn"]
[EventRounds "9"]
[EventCountry "HUN"]
[SourceTitle "CBM 193 Extra"]
[Source "ChessBase"]
[SourceDate "2020.01.31"]
[SourceVersion "1"]
[SourceVersionDate "2020.01.31"]
[SourceQuality "1"]
[WhiteTeam "Maroczy"]
[BlackTeam "Kobanya Aquarena"]
[WhiteTeamCountry "HUN"]
[BlackTeamCountry "HUN"]

1. d4 d5 2. Nf3 Nf6 3. g3 e6 4. Bg2 Be7 5. 0-0 b6 6. c4 Bb7 7. b3 0-0 8. Nc3 dxc4 9. bxc4 c5 10. d5 exd5 11. Nh4 Ne8 12. Nf5 Bf6 13. Nxd5 Bxd5 14. Bxd5 Nd7 15. Rb1 Rc8 16. Bf4 Ne5 17. Qc2 Rc7 18. Rfd1 Rd7 19. Bxe5 Bxe5 20. Bc6 Rxd1+ 21. Rxd1 Qf6 22. Rd7 Bb8 23. Qe4 Qa1+ 24. Kg2 Nf6 25. Qe7 Nxd7 26. Qxd7 Qe5 27. e3 Qe6 28. Ne7+ Kh8 29. Qb7 Bd6 30. Nd5 Qe4+ 31. Kg1 Qxc4 32. Qxa7 h6 33. Nxb6 Qc1+ 34. Kg2 c4 35. Qd7 Bc5 36. Na4 Bb4 37. Qf5 Qa3 38. Be4 g6 39. Qf6+ Kh7 40. Nb6 Bc3 41. Qc6 Qxa2 42. Nxc4 Be1 43. Bxg6+ fxg6 44. Qd7+ Kg8 45. Qe6+ Kg7 46. Qe5+ Rf6 0-1

[Event "HUN-chT 1819"]
[Site "Hungary"]
[Date "2019.04.28"]
[Round "9.4"]
[White "Karacsonyi, Gellert"]
[Black "Valyi, Blanka Borbala"]
[Result "1-0"]
[WhiteElo "2135"]
[BlackElo "1852"]
[PlyCount "126"]
[EventDate "2018.11.17"]
[EventType "team-tourn"]
[EventRounds "9"]
[EventCountry "HUN"]
[SourceTitle "CBM 190 Extra"]
[Source "ChessBase"]
[SourceDate "2019.07.15"]
[SourceVersion "1"]
[SourceVersionDate "2019.07.15"]
[SourceQuality "1"]
[WhiteTeam "Penzugyor"]
[BlackTeam "Maroczy"]
[WhiteTeamCountry "HUN"]
[BlackTeamCountry "HUN"]

1. e4 d6 2. d4 Nf6 3. Nc3 g6 4. Bg5 Bg7 5. Qd2 h6 6. Bh4 c6 7. a4 Nbd7 8. f4 Qa5 9. Nf3 b5 10. b4 Qxb4 11. axb5 cxb5 12. Bxb5 0-0 13. 0-0 Nxe4 14. Nxe4 Qxb5 15. Bxe7 d5 16. Nd6 Qc6 17. Bxf8 Nxf8 18. Nxc8 Qxc8 19. Ra5 Qb7 20. Rfa1 Ne6 21. c3 Qc7 22. Ne5 Rc8 23. Rxd5 Qxc3 24. Qxc3 Rxc3 25. Rxa7 Rc2 26. g3 Rd2 27. Nf3 Bxd4+ 28. Rxd4 Rxd4 29. Nxd4 Nxd4 30. Kf2 h5 31. Ke3 Nf5+ 32. Ke4 Kg7 33. Ke5 Ne3 34. Kd6 Ng4 35. Ra2 Nf6 36. Ke7 Nd5+ 37. Kd8 Nf6 38. Ra7 Kf8 39. Rb7 Kg8 40. Ke7 Nd5+ 41. Kd6 Nf6 42. Rb2 Kf8 43. Ke5 Ng4+ 44. Kd4 Nf6 45. h3 Ke7 46. f5 g5 47. Rb8 g4 48. h4 Kd6 49. Rb6+ Ke7 50. Rb7+ Kf8 51. Ke5 Kg7 52. Ra7 Nh7 53. Ra6 Nf8 54. Rd6 Nh7 55. Ke4 Nf8 56. Kf4 Nh7 57. Rd4 Kf6 58. Rd6+ Kg7 59. Ra6 f6 60. Ra7+ Kg8 61. Rxh7 Kxh7 62. Ke4 Kg7 63. Kd5 Kf7 1-0

[Event "HUN-chT 1819"]
[Site "Hungary"]
[Date "2018.11.17"]
[Round "1.2"]
[White "Borhy, Marcell Boldizsar"]
[Black "Valyi, Blanka Borbala"]
[Result "1-0"]
[WhiteElo "2201"]
[BlackElo "1852"]
[PlyCount "41"]
[EventDate "2018.11.17"]
[EventType "team-tourn"]
[EventRounds "9"]
[EventCountry "HUN"]
[SourceTitle "CBM 187 Extra"]
[Source "ChessBase"]
[SourceDate "2018.11.04"]
[SourceVersion "1"]
[SourceVersionDate "2018.11.04"]
[SourceQuality "1"]
[WhiteTeam "HVSE Infraplan"]
[BlackTeam "Maroczy"]
[WhiteTeamCountry "HUN"]
[BlackTeamCountry "HUN"]

1. d4 Nf6 2. c4 g6 3. Nf3 Bg7 4. g3 0-0 5. Bg2 d6 6. 0-0 c6 7. Nc3 Nbd7 8. e4 e5 9. h3 Qc7 10. Be3 Re8 11. Re1 Nb6 12. b3 a5 13. Rc1 Bd7 14. c5 dxc5 15. dxe5 Nh5 16. g4 Bxe5 17. Nxe5 Rxe5 18. f4 Ree8 19. gxh5 c4 20. Qd4 Nc8 21. h6 1-0

[Event "HUN-chT2 Toth 1718"]
[Site "Hungary"]
[Date "2018.01.28"]
[Round "7.9"]
[White "Daroczi, Donat"]
[Black "Valyi, Blanka Borbala"]
[Result "0-1"]
[WhiteElo "1699"]
[BlackElo "1901"]
[PlyCount "104"]
[EventDate "2017.09.24"]
[EventType "team-tourn"]
[EventRounds "11"]
[EventCountry "HUN"]
[SourceTitle "EXT 2021"]
[Source "ChessBase"]
[SourceDate "2020.10.23"]
[SourceVersion "1"]
[SourceVersionDate "2020.10.23"]
[SourceQuality "1"]
[WhiteTeam "Szeged Meritum"]
[BlackTeam "Szeged Maroczy II"]
[WhiteTeamCountry "HUN"]
[BlackTeamCountry "HUN"]

1. e4 d6 2. d4 Nf6 3. Nc3 g6 4. Nf3 Bg7 5. Be3 c6 6. Qd2 b5 7. a3 Nbd7 8. h3 Qc7 9. d5 Bb7 10. Nd4 a6 11. dxc6 Bxc6 12. Nxc6 Qxc6 13. Bd3 Nc5 14. Bxc5 Qxc5 15. 0-0 0-0 16. Rfe1 Nd7 17. Rad1 Rac8 18. Nd5 Rfe8 19. c3 e6 20. Nb4 a5 21. Nc2 Nb6 22. Qe2 Nc4 23. Bxc4 bxc4 24. a4 Rb8 25. Na3 d5 26. Nb5 Be5 27. Qf3 Rbd8 28. exd5 exd5 29. Rd2 Rd7 30. Red1 Bb8 31. g3 Red8 32. Kg2 Be5 33. Qe3 Qxe3 34. fxe3 f5 35. g4 Kf7 36. Rf2 Kf6 37. Rdf1 Rg8 38. Kh1 Ke6 39. gxf5+ gxf5 40. Rxf5 Rg3 41. R5f3 Rxf3 42. Rxf3 Rb7 43. Kg2 h5 44. Kf2 h4 45. Rf8 Bg3+ 46. Ke2 Rb8 47. Nd4+ Ke7 48. Nc6+ Kxf8 49. Nxb8 Bxb8 50. e4 Ke7 51. Ke3 Ke6 52. Kd4 Ba7# 0-1

[Event "HUN-chT2 Maroczy 1516"]
[Site "Hungary"]
[Date "2016.03.20"]
[Round "7.12"]
[White "Valyi, Blanka Borbala"]
[Black "Kovacs, Tamas"]
[Result "0-1"]
[WhiteElo "1871"]
[BlackElo "2118"]
[PlyCount "86"]
[EventDate "2015.10.18"]
[EventType "team-tourn"]
[EventRounds "9"]
[EventCountry "HUN"]
[SourceTitle "EXT 2017"]
[Source "ChessBase"]
[SourceDate "2016.10.25"]
[SourceVersion "1"]
[SourceVersionDate "2016.10.25"]
[SourceQuality "1"]
[WhiteTeam "Maroczy"]
[BlackTeam "DVTK EMSE"]
[WhiteTeamCountry "HUN"]
[BlackTeamCountry "HUN"]

1. d4 Nf6 2. Nf3 d5 3. g3 c6 4. Bg2 Bf5 5. 0-0 e6 6. c4 Nbd7 7. Nc3 Bd6 8. Nd2 0-0 9. e4 dxe4 10. Ndxe4 Be7 11. Bf4 Nb6 12. b3 Qd7 13. Qc2 Qxd4 14. Rad1 Qc5 15. Be3 Qa5 16. Nxf6+ Bxf6 17. Ne4 Be7 18. Bd4 Rad8 19. Qb2 f6 20. Bc3 Bb4 21. Bxb4 Qxb4 22. a3 Nxc4 23. axb4 Nxb2 24. Rxd8 Rxd8 25. Nc5 b6 26. Nb7 Rd4 27. Bxc6 Rxb4 28. Rc1 Rxb3 29. Be8 h6 30. Rc8 Kh7 31. Bf7 Nd3 32. Nd6 Rb1+ 33. Kg2 Ne1+ 34. Kg1 Bh3 35. Bg8+ Kg6 36. Bf7+ Kh7 37. Bg8+ Kg6 38. Bf7+ Kg5 39. f4+ Kg4 40. Bxe6+ Kf3 41. Bd5+ Ke3 42. Re8+ Kd4 43. Be4 Nd3# 0-1

[Event "HUN-chT2 Maroczy 1516"]
[Site "Hungary"]
[Date "2016.02.14"]
[Round "5.12"]
[White "Valyi, Blanka Borbala"]
[Black "Majoros, Rozsa Evelin"]
[Result "1/2-1/2"]
[WhiteElo "1871"]
[BlackElo "1826"]
[PlyCount "94"]
[EventDate "2015.10.18"]
[EventType "team-tourn"]
[EventRounds "9"]
[EventCountry "HUN"]
[SourceTitle "EXT 2017"]
[Source "ChessBase"]
[SourceDate "2016.10.25"]
[SourceVersion "1"]
[SourceVersionDate "2016.10.25"]
[SourceQuality "1"]
[WhiteTeam "Maroczy"]
[BlackTeam "Magyar Sakkvilag"]
[WhiteTeamCountry "HUN"]
[BlackTeamCountry "HUN"]

1. d4 Nf6 2. Nf3 g6 3. c4 c5 4. g3 Bg7 5. Bg2 0-0 6. 0-0 cxd4 7. Nxd4 Nc6 8. Nc3 Ng4 9. Nb3 Nge5 10. c5 d6 11. cxd6 Qxd6 12. Qxd6 exd6 13. Rd1 Rd8 14. Nb5 Nc4 15. Rb1 Be6 16. Nc7 Rac8 17. Nxe6 fxe6 18. Bg5 Rf8 19. Bh3 Rce8 20. Bf4 e5 21. Bg5 h6 22. Bc1 Kh7 23. e3 e4 24. Bf1 b5 25. Rd5 a6 26. Bxc4 bxc4 27. Nd4 Ne5 28. Bd2 Nd3 29. Be1 Be5 30. Ne2 Rb8 31. b3 cxb3 32. axb3 Nxe1 33. Rxe1 Rxb3 34. Nd4 Rb2 35. Rf1 Bxd4 36. Rxd4 a5 37. Rxe4 Rf7 38. Ra4 Rf5 39. e4 Rfb5 40. Rfa1 Rb1+ 41. Rxb1 Rxb1+ 42. Kg2 Rb5 43. Kf3 Kg7 44. Ke3 Kf6 45. f4 Ke6 46. Kd4 Rc5 47. g4 Rb5 1/2-1/2

[Event "HUN-chT2 Maroczy 1415"]
[Site "Hungary"]
[Date "2015.04.26"]
[Round "9"]
[White "Fodor, Balazs"]
[Black "Valyi, Blanka Borbala"]
[Result "1-0"]
[WhiteElo "1893"]
[BlackElo "1882"]
[PlyCount "63"]
[EventDate "2014.10.12"]
[EventType "team-tourn"]
[EventRounds "9"]
[EventCountry "HUN"]
[SourceTitle "EXT 2016"]
[Source "ChessBase"]
[SourceDate "2015.10.08"]
[SourceVersion "1"]
[SourceVersionDate "2015.10.08"]
[SourceQuality "1"]
[WhiteTeam "Magyar Sakkvilag"]
[BlackTeam "Maroczy"]
[WhiteTeamCountry "HUN"]
[BlackTeamCountry "HUN"]

1. d4 Nf6 2. c4 g6 3. Nc3 Bg7 4. e4 d6 5. f3 0-0 6. Be3 e5 7. d5 Nbd7 8. Qd2 a5 9. g4 Nc5 10. Bg5 c6 11. h4 Qd7 12. Bh3 Ne8 13. h5 Qc7 14. Be3 Rb8 15. g5 b5 16. dxc6 bxc4 17. Bxc5 dxc5 18. Nd5 Qd8 19. h6 Bh8 20. Ne2 Be6 21. Nec3 Rc8 22. 0-0-0 Rxc6 23. Qe3 Bxd5 24. Rxd5 Qb8 25. Rhd1 Nc7 26. Rd7 f6 27. Nd5 Nxd5 28. exd5 Rb6 29. Be6+ Rxe6 30. dxe6 Qb4 31. e7 Re8 32. Qe4 1-0

[Event "HUN-chT2 Toth 1415"]
[Site "Hungary"]
[Date "2014.11.30"]
[Round "5.5"]
[White "Kovacs, Arthur"]
[Black "Valyi, Blanka Borbala"]
[Result "1-0"]
[WhiteElo "2007"]
[BlackElo "1882"]
[PlyCount "79"]
[EventDate "2014.09.07"]
[EventType "team-tourn"]
[EventRounds "11"]
[EventCountry "HUN"]
[SourceTitle "EXT 2016"]
[Source "ChessBase"]
[SourceDate "2015.10.08"]
[SourceVersion "1"]
[SourceVersionDate "2015.10.08"]
[SourceQuality "1"]
[WhiteTeam "Mako II"]
[BlackTeam "Maroczy II"]
[WhiteTeamCountry "HUN"]
[BlackTeamCountry "HUN"]

1. d4 Nf6 2. Nf3 g6 3. c4 Bg7 4. Nc3 0-0 5. e4 d6 6. Be2 e5 7. dxe5 dxe5 8. Qxd8 Rxd8 9. Bg5 Re8 10. Nd5 Nxd5 11. cxd5 f5 12. Nd2 h6 13. Be3 Kh7 14. f3 c6 15. Bc4 Bd7 16. 0-0-0 cxd5 17. Bxd5 Nc6 18. Nb3 Rac8 19. Kb1 b6 20. Bg8+ Kxg8 21. Rxd7 Red8 22. Rhd1 f4 23. Bf2 Bf8 24. a3 Be7 25. Nc1 Kf8 26. Ne2 Rxd7 27. Rxd7 Rd8 28. Rxd8+ Bxd8 29. Kc2 Kf7 30. Kd3 Ke6 31. Kc4 a6 32. b4 b5+ 33. Kc5 Na7 34. Nc3 Nc8 35. Nd5 Kd7 36. Be1 Ke6 37. Bc3 Nd6 38. Be1 Nc4 39. a4 Nd6 40. Nc3 1-0

[Event "HUN-chT2 Maroczy 1314"]
[Site "Hungary"]
[Date "2014.03.23"]
[Round "9"]
[White "Valyi, Blanka Borbala"]
[Black "Miseta, Zsuzsanna"]
[Result "1-0"]
[WhiteElo "1892"]
[BlackElo "1737"]
[PlyCount "55"]
[EventDate "2013.09.08"]
[EventType "team-tourn"]
[EventRounds "11"]
[EventCountry "HUN"]
[SourceTitle "EXT 2016"]
[Source "ChessBase"]
[SourceDate "2015.10.08"]
[SourceVersion "1"]
[SourceVersionDate "2015.10.08"]
[SourceQuality "1"]
[WhiteTeam "Szeged Maroczy"]
[BlackTeam "Mako II"]
[WhiteTeamCountry "HUN"]
[BlackTeamCountry "HUN"]

1. d4 d5 2. Nf3 Nc6 3. g3 Bf5 4. c4 Nb4 5. Qa4+ Nc6 6. Nc3 e6 7. Ne5 Nge7 8. Bg2 f6 9. Nxc6 Nxc6 10. 0-0 Qd7 11. cxd5 exd5 12. Nxd5 Bd6 13. Bf4 Bxf4 14. Nxf4 Nxd4 15. Qc4 Ne6 16. Bxb7 0-0 17. Bxa8 Rxa8 18. e4 Bg4 19. h3 g5 20. Nd5 Kg7 21. hxg4 Rc8 22. Qc3 Rf8 23. Rfd1 Qc8 24. e5 fxe5 25. Qxe5+ Kh6 26. Ne7 Qa6 27. Nf5+ Kg6 28. Rd7 1-0

[Event "HUN-chT2 Maroczy 1314"]
[Site "Hungary"]
[Date "2014.02.16"]
[Round "7"]
[White "Terbe, Julianna"]
[Black "Valyi, Blanka Borbala"]
[Result "1-0"]
[WhiteElo "2017"]
[BlackElo "1892"]
[PlyCount "55"]
[EventDate "2013.09.08"]
[EventType "team-tourn"]
[EventRounds "11"]
[EventCountry "HUN"]
[SourceTitle "EXT 2016"]
[Source "ChessBase"]
[SourceDate "2015.10.08"]
[SourceVersion "1"]
[SourceVersionDate "2015.10.08"]
[SourceQuality "1"]
[WhiteTeam "Szigetszentmiklos"]
[BlackTeam "Szeged Maroczy"]
[WhiteTeamCountry "HUN"]
[BlackTeamCountry "HUN"]

1. Nf3 Nf6 2. g3 g6 3. b3 Bg7 4. Bb2 0-0 5. Bg2 d6 6. d4 Nbd7 7. 0-0 c6 8. c4 Re8 9. Nc3 e5 10. dxe5 dxe5 11. Qc2 Qc7 12. Rad1 Nc5 13. b4 Bf5 14. Qc1 Ncd7 15. c5 Nd5 16. Nxd5 cxd5 17. Rxd5 Be6 18. Rd2 Bh6 19. e3 e4 20. Nd4 Bxa2 21. Nb5 Qc6 22. Nd6 Re6 23. Nxe4 Rxe4 24. Bxe4 Qxe4 25. Rxd7 Bg7 26. Bxg7 Be6 27. Rd4 Qf3 28. Rf4 1-0

[Event "HUN-chT2 Maroczy 1314"]
[Site "Hungary"]
[Date "2013.11.17"]
[Round "5"]
[White "Krstulovic, Alex"]
[Black "Valyi, Blanka Borbala"]
[Result "1-0"]
[WhiteElo "1970"]
[BlackElo "1892"]
[PlyCount "119"]
[EventDate "2013.09.08"]
[EventType "team-tourn"]
[EventRounds "11"]
[EventCountry "HUN"]
[SourceTitle "EXT 2016"]
[Source "ChessBase"]
[SourceDate "2015.10.08"]
[SourceVersion "1"]
[SourceVersionDate "2015.10.08"]
[SourceQuality "1"]
[WhiteTeam "Budapest MLTC II"]
[BlackTeam "Szeged Maroczy"]
[WhiteTeamCountry "HUN"]
[BlackTeamCountry "HUN"]

1. d4 Nf6 2. c4 g6 3. Nc3 Bg7 4. e4 d6 5. Be2 0-0 6. Bg5 Nbd7 7. g4 e5 8. d5 a5 9. f3 Nc5 10. h4 h6 11. Be3 h5 12. g5 Nfd7 13. Nh3 a4 14. Nf2 Qe7 15. Nd3 Nb6 16. Nb4 Bd7 17. Nc2 Nc8 18. b4 axb3 19. axb3 Rxa1 20. Nxa1 Nb6 21. b4 Nca4 22. Qb3 Nxc3 23. Qxc3 Na4 24. Qb3 Ra8 25. 0-0 f5 26. Nc2 Be8 27. c5 Kh7 28. Ra1 dxc5 29. b5 Nb6 30. Rxa8 Nxa8 31. Qa3 Nb6 32. Bxc5 Qd7 33. Kh2 fxe4 34. fxe4 Qf7 35. Be3 Bd7 36. Qc3 Bc8 37. Bxb6 Qf4+ 38. Kg1 Bg4 39. Qe3 Qxe3+ 40. Nxe3 Bxe2 41. Bxc7 Bxb5 42. Nf1 Kg8 43. Nd2 Kf7 44. Kf2 Ke7 45. Nf3 Bd7 46. Bxe5 Bf8 47. Ke3 Kd8 48. Bf6+ Kc7 49. e5 Bc5+ 50. Kd3 b5 51. e6 Be8 52. Be5+ Bd6 53. Kd4 b4 54. Nd2 Ba4 55. Nc4 Bxe5+ 56. Kxe5 b3 57. Kf6 Bb5 58. d6+ Kd8 59. Nb2 Be2 60. Kf7 1-0

[Event "HUN-chT2 Maroczy 1213"]
[Site "Hungary"]
[Date "2013.01.27"]
[Round "6"]
[White "Kecze, Matyas"]
[Black "Valyi, Blanka Borbala"]
[Result "0-1"]
[WhiteElo "1767"]
[BlackElo "1756"]
[PlyCount "126"]
[EventDate "2012.09.16"]
[EventType "team-tourn"]
[EventRounds "11"]
[EventCountry "HUN"]
[SourceTitle "EXT 2014"]
[Source "ChessBase"]
[SourceDate "2013.11.20"]
[SourceVersion "1"]
[SourceVersionDate "2013.11.20"]
[SourceQuality "1"]
[WhiteTeam "Kisujszallas"]
[BlackTeam "Maroczy"]
[WhiteTeamCountry "HUN"]
[BlackTeamCountry "HUN"]

1. e4 c5 2. Nf3 Nc6 3. d4 cxd4 4. Nxd4 Nf6 5. Nc3 g6 6. Be2 Bg7 7. 0-0 d6 8. h3 0-0 9. Be3 Nxd4 10. Bxd4 Bd7 11. Qd3 Bc6 12. Rfd1 Qc7 13. Bf3 a6 14. Qe3 b5 15. Nd5 Nxd5 16. exd5 Bxd4 17. Qxd4 Bd7 18. c3 a5 19. Re1 Rfe8 20. Re2 Rab8 21. Qd2 b4 22. Re4 bxc3 23. bxc3 Bf5 24. Rh4 e6 25. Re1 Rb1 26. Rxb1 Bxb1 27. Qh6 Qxc3 28. Qxh7+ Kf8 29. dxe6 Rxe6 30. Qh6+ Ke7 31. Qg5+ Qf6 32. Qxf6+ Kxf6 33. Ra4 Re5 34. g4 Ke7 35. Kg2 Kd7 36. a3 Bc2 37. Rc4 Rc5 38. Rxc5 dxc5 39. Bd5 f6 40. Bc4 a4 41. Kf3 Bb3 42. Bd3 g5 43. Ke3 Kd6 44. f3 Ke5 45. Bf5 c4 46. Kd2 Kd4 47. Be4 c3+ 48. Kc1 Ke3 49. Bc6 Kf2 50. Be4 Kg3 51. Bc6 Kxh3 52. Be4 Kg3 53. Bc6 Kf4 54. Be4 Ke5 55. Bc6 Kd4 56. Bd7 Ke5 57. Bc6 f5 58. gxf5 Kxf5 59. Be4+ Ke5 60. Bc6 Bd5 61. Bxa4 Bxf3 62. Bb5 g4 63. Kc2 Kd4 0-1

[Event "HUN-chT2 Toth 1213"]
[Site "Hungary"]
[Date "2012.11.18"]
[Round "4.9"]
[White "Valyi, Blanka Borbala"]
[Black "Kiss, Laszlo"]
[Result "1/2-1/2"]
[WhiteElo "1756"]
[BlackElo "1655"]
[PlyCount "158"]
[EventDate "2012.09.16"]
[EventType "team-tourn"]
[EventRounds "11"]
[EventCountry "HUN"]
[SourceTitle "EXT 2014"]
[Source "ChessBase"]
[SourceDate "2013.11.20"]
[SourceVersion "1"]
[SourceVersionDate "2013.11.20"]
[SourceQuality "1"]
[WhiteTeam "Maroczy II"]
[BlackTeam "Debrecen Sakkbaratok"]
[WhiteTeamCountry "HUN"]
[BlackTeamCountry "HUN"]

1. d4 d5 2. Nf3 Nf6 3. g3 e6 4. Bg2 Bd6 5. 0-0 0-0 6. c4 c6 7. Nc3 Nbd7 8. Nd2 e5 9. dxe5 Nxe5 10. cxd5 cxd5 11. Nb3 Be6 12. Nxd5 Nxd5 13. Bxd5 Bh3 14. Bg2 Qd7 15. Bf4 Rad8 16. Qc2 Bf5 17. Be4 Bg6 18. Bxg6 Nxg6 19. Bxd6 Qxd6 20. Rad1 Qe6 21. Rxd8 Rxd8 22. Qc7 Re8 23. Qxb7 Qxe2 24. Nd4 Qc4 25. Qd7 Rf8 26. Qxa7 Ne5 27. b3 Qxd4 28. Qxd4 Nf3+ 29. Kg2 Nxd4 30. Rd1 Nc2 31. a4 g6 32. Kf1 Re8 33. Rd6 Kf8 34. Rb6 Re1+ 35. Kg2 h5 36. a5 g5 37. a6 Ra1 38. b4 Nxb4 39. Rxb4 Rxa6 40. Rb5 Rg6 41. Kf3 g4+ 42. Kf4 Rf6+ 43. Rf5 Kg7 44. Ke4 Re6+ 45. Kd5 Kg6 46. Rf4 Re2 47. Kd4 f6 48. Kd3 Ra2 49. Kc3 Kg5 50. Kd3 h4 51. Ke3 h3 52. Kd3 Ra1 53. f3 gxf3 54. Rxf3 Ra2 55. Rf4 Rxh2 56. Rh4 Rg2 57. Rxh3 Kg4 58. Rh6 Rxg3+ 59. Ke2 Kf5 60. Rh4 Rg4 61. Rh3 Rf4 62. Ra3 Kg4 63. Rb3 f5 64. Ra3 Rb4 65. Kf2 Kf4 66. Rf3+ Ke5 67. Ra3 Rf4+ 68. Ke2 Rh4 69. Kf2 Kf6 70. Rb3 Kg5 71. Ra3 Rf4+ 72. Ke2 Kg4 73. Rb3 Ra4 74. Kf2 Ra2+ 75. Kf1 f4 76. Rc3 Rh2 77. Ra3 Rh3 78. Rxh3 Kxh3 79. Kf2 Kg4 1/2-1/2

[Event "HUN-ch U14 Girls"]
[Site "Balatonlelle"]
[Date "2012.06.29"]
[Round "8"]
[White "Gal, Hanna Krisztina"]
[Black "Valyi, Blanka Borbala"]
[Result "1/2-1/2"]
[WhiteElo "1976"]
[BlackElo "1766"]
[PlyCount "29"]
[EventDate "2012.06.22"]
[EventType "tourn"]
[EventRounds "9"]
[EventCountry "HUN"]
[SourceTitle "EXT 2014"]
[Source "ChessBase"]
[SourceDate "2013.11.20"]
[SourceVersion "1"]
[SourceVersionDate "2013.11.20"]
[SourceQuality "1"]

1. e4 c5 2. Nf3 Nc6 3. c4 e5 4. Nc3 d6 5. Be2 g6 6. d3 Bg7 7. 0-0 Nge7 8. Ne1 0-0 9. f4 f5 10. fxe5 Bxe5 11. Nf3 Bg7 12. Be3 Nd4 13. Qd2 Nec6 14. Nd5 h6 15. Nxd4 1/2-1/2

[Event "HUN-ch U14 Girls"]
[Site "Balatonlelle"]
[Date "2012.06.27"]
[Round "6"]
[White "Egyed, Viktoria"]
[Black "Valyi, Blanka Borbala"]
[Result "1/2-1/2"]
[WhiteElo "1705"]
[BlackElo "1766"]
[PlyCount "92"]
[EventDate "2012.06.22"]
[EventType "tourn"]
[EventRounds "9"]
[EventCountry "HUN"]
[SourceTitle "EXT 2014"]
[Source "ChessBase"]
[SourceDate "2013.11.20"]
[SourceVersion "1"]
[SourceVersionDate "2013.11.20"]
[SourceQuality "1"]

1. e4 c5 2. Nf3 d6 3. d4 cxd4 4. Qxd4 Nc6 5. Bb5 Bd7 6. Bxc6 Bxc6 7. Nc3 Nf6 8. Bg5 e6 9. 0-0-0 Be7 10. h4 b5 11. Bxf6 gxf6 12. Rhe1 Qa5 13. Nd2 b4 14. Nb3 Qb6 15. Ne2 Qb5 16. Kb1 a5 17. Qe3 Qa6 18. Ned4 Bd7 19. Nf5 a4 20. Nd2 b3 21. Nxe7 bxc2+ 22. Kxc2 Kxe7 23. Kb1 Qb5 24. Qa3 Ra6 25. Nf3 Rb8 26. Rd2 Rab6 27. Ka1 Qb4 28. Qxb4 Rxb4 29. a3 Rc4 30. Kb1 Bc6 31. Nd4 Ba8 32. f3 Rb6 33. Nc2 Rc5 34. Nb4 Bc6 35. Nxc6+ Rbxc6 36. g4 h6 37. Rd4 Rc4 38. Rxc4 Rxc4 39. Rc1 d5 40. Rxc4 dxc4 41. Kc2 Kd6 42. Kc3 Kc5 43. f4 e5 44. g5 fxg5 45. fxg5 hxg5 46. hxg5 Kb5 1/2-1/2

[Event "HUN-ch U14 Girls"]
[Site "Balatonlelle"]
[Date "2012.06.23"]
[Round "2"]
[White "Valyi, Blanka Borbala"]
[Black "Arvai, Eszter"]
[Result "1-0"]
[WhiteElo "1766"]
[BlackElo "1801"]
[PlyCount "61"]
[EventDate "2012.06.22"]
[EventType "tourn"]
[EventRounds "9"]
[EventCountry "HUN"]
[SourceTitle "EXT 2014"]
[Source "ChessBase"]
[SourceDate "2013.11.20"]
[SourceVersion "1"]
[SourceVersionDate "2013.11.20"]
[SourceQuality "1"]

1. d4 g6 2. Nf3 Bg7 3. g3 c5 4. Bg2 Na6 5. 0-0 d6 6. c4 Bd7 7. Nc3 h5 8. Rb1 h4 9. e4 hxg3 10. fxg3 Qc8 11. e5 Bh3 12. Bxh3 Qxh3 13. Qa4+ Qd7 14. Nb5 dxe5 15. dxe5 Nh6 16. e6 Qc6 17. Bxh6 Rxh6 18. exf7+ Kf8 19. Rbe1 Bf6 20. Ne5 Bxe5 21. Rxe5 Rh7 22. Qc2 Rxf7 23. Rfe1 Qf3 24. Qd2 Nb4 25. Qh6+ Kg8 26. Qxg6+ Rg7 27. Qe6+ Rf7 28. Rg5+ Kf8 29. Qh6+ Ke8 30. Nd6+ Kd7 31. Qe6+ 1-0